The Way We Live Now (Record no. 3409)

MARC details
000 -LEADER
fixed length control field 00378nam a22001457a 4500
008 - FIXED-LENGTH DATA ELEMENTS--GENERAL INFORMATION
fixed length control field 250512b |||||||| |||| 00| 0 eng d
020 ## - INTERNATIONAL STANDARD BOOK NUMBER
ISBN 9780140433920
100 ## - MAIN ENTRY--AUTHOR
Author Trollope Anthony
245 ## - TITLE STATEMENT
Title The Way We Live Now
260 ## - PUBLICATION, DISTRIBUTION, ETC. (IMPRINT)
Place of publication London
Name of publisher Penguin Group
Date of publication 1994
300 ## - COLLATION
Pagination xxiii, 778P.
650 ## - TRACINGS
Main Subject Capitalists and financers - fiction
942 ## - ADDED ENTRY ELEMENTS (KOHA)
Item type Books
050 ## - LIBRARY OF CONGRESS CALL NUMBER
Classification number PR5684
Item number .W39
Holdings
Source of classification or shelving scheme Not for loan Permanent location Current location Date acquired Accession No. Full call number Barcode. Koha item type
Library of Congress Classification   Samuel Ogbemudia Main Library, University of Abuja Samuel Ogbemudia Main Library, University of Abuja 05/12/2025 2024/64261 PR5684.W39 2025-1878 Books